| 000 | 00613nam a22001937a 4500 | ||
|---|---|---|---|
| 003 | OSt | ||
| 005 | 20130515094606.0 | ||
| 008 | 130515s1994 sp ||||| |||| 00| 0 spa d | ||
| 020 | _a8434411261 | ||
| 040 | _cCDMR | ||
| 245 | 0 | 0 |
_aArtículos que dejaron huella _cselección, introducción y notas críticas de Josep Maria Casasús ; traducción [...] Violant González-Antó |
| 260 |
_aBarcelona _bAriel _c1994 |
||
| 300 | _a197 p. | ||
| 490 | 0 |
_aAriel _v128 |
|
| 650 | 0 | 4 |
_92273 _aPeriodistes _vRecull d'escrits |
| 650 | 0 | 4 |
_91544 _aPeriodisme _xInfluència |
| 700 | 1 |
_9799 _aCasasús, Josep Maria |
|
| 942 |
_2udc _cMON |
||
| 999 |
_c6250 _d6250 |
||